| 000 | 00811nam a22001935i 4500 | ||
|---|---|---|---|
| 001 | 173009 | ||
| 003 | ES-MaACL | ||
| 005 | 20231226145009.0 | ||
| 008 | 091005s1835 sp |||| | spa d | ||
| 100 | 1 |
_aScribe, Eugène. _9104966 |
|
| 245 | 1 | 3 |
_aEl arte de conspirar _b: comedia en cinco actos y en prosa / _ctraducida del francés por Ramón de Arriala. |
| 260 |
_aMadrid : _b[s.n.], _c1835 ( _fImp. de Repullés) |
||
| 300 |
_a116 p. ; _c15 cm. |
||
| 593 | _aEncabezamiento tomado de Palau: Eugène Scribe. | ||
| 593 | _aRamón de Arriala es pseud. de Mariano José de Larra. | ||
| 700 | 1 |
_aLarra, Mariano José de, _d1809-1837 _970287 |
|
| 852 |
_aES-MaACL _jF-8603(1) _z.- Enc. en vol. facticio formando parte de la col. facticia "Teatro español moderno", vol. 56 |
||
| 999 |
_c173009 _d173009 |
||